00557nam a22001697a 450000500170000001000150001702000260003203500140005803700130007208200120008510000200009724500500011726000450016727001170021230000270032970000310035620220331164825.0 aENG-132188 a9789383959907c235.00 aEN-115720 bDBAD/PUB a005.432 aLakshminadh, K. aLinux Programming/cK. Lakshminadh [et.al...] aHyderabadbSrikrishna Techno Booksc2021 a#326, III Floor, Surneni Nilayam Near B K Guda Park, S R Nagarmstudentshelpline.in@gmail.come500038bHyderabad aviii, 256p.c24cm(pbk) aLakshminadh, K. [et.al...]